Normal view
MARC view
- Agrawal, S.K
Entry Personal Name
001 - CONTROL NUMBER
- control field: 5170
003 - CONTROL NUMBER IDENTIFIER
- control field: OSt
005 - DATE AND TIME OF LATEST TRANSACTION
- control field: 20220208112523.0
008 - FIXED-LENGTH DATA ELEMENTS
- fixed length control field: 220208|| aca||aabn | a|a d
040 ## - CATALOGING SOURCE
- Original cataloging agency: OSt
- Transcribing agency: OSt
100 ## - HEADING--PERSONAL NAME
- Personal name: Agrawal, S.K
670 ## - SOURCE DATA FOUND
- Source citation: Work cat.: (OSt)13019: Agrawal, S.K ., Fluid mechanics and machinery / , 2005.
